00815nam a22001697a 4500003000900000008004100009040007100050082002600121100002100147245002700168260005000195300002700245505018600272650005600458650008000514650005100594AR-CdUCM190304b ||||| |||| 00| 0 spa d aMUNICIPALIDAD PROVINCIAL DEL CUSCOcBIBLIOTECA MUNICIPAL DEL CUSCO 22ed.a868.471 /bV32A aVassallo, Angel  aElogio de la Vigilia : aBuenos Aires :bEmecé Editores S.A.,c1950. a94 Páginas ;c20 cm. aContenido: Estamos embarcados -- Esquema casi dialéctico del miedo a la muerte -- Iniciación en la angustia -- Elogio de la vigilia -- Sobre del ser del hombre, ser amenazado... aBreves ensayos sobre la meditación del espíritu aPropuestas conceptuales concernientes al hombre y su destino en el universo aExperiencias y evidencias personales del autor